María Estuardo / (Record no. 159439)

MARC details
000 -LEADER
campo de control de longitud fija 00959nam a22002415i 4500
001 - NÚMERO DE CONTROL
campo de control 159439
003 - IDENTIFICADOR DE NÚMERO DE CONTROL
campo de control ES-MaACL
005 - FECHA Y HORA DE LA ÚLTIMA TRANSACCIÓN
campo de control 20250815062645.0
008 - DATOS DE LONGITUD FIJA--INFORMACIÓN GENERAL
campo de control de longitud fija 981113s1897 sp |||| | spa d
040 ## - FUENTE DE CATALOGACIÓN
Centro catalogador/agencia de origen CCPB | B
Lengua de catalogación spa
Centro/agencia transcriptor CCPB | B
100 1# - ENTRADA PRINCIPAL--NOMBRE DE PERSONA
Nombre de persona Meneval, Mgr. de.
9 (RLIN) 129831
245 10 - MENCIÓN DEL TÍTULO
Título María Estuardo /
Mención de responsabilidad, etc. por Mgr. de Meneval. Su proceso y degollación / por R. Chantelauce.
260 ## - PUBLICACIÓN, DISTRIBUCIÓN, ETC.
Lugar de publicación, distribución, etc. Madrid :
Nombre del editor, distribuidor, etc. La España Moderna,
Fecha de publicación, distribución, etc. [s.a.] (
Fabricante Imprenta de Felipe Marqués)
300 ## - DESCRIPCIÓN FÍSICA
Extensión 315 p. ;
Dimensiones 23 cm.
490 1# - MENCIÓN DE SERIE
Mención de serie Biblioteca de Jurisprudencia, Filosofia é Historia
594 ## - Nota al título y mención de responsabilidad
Nota al título y mención de responsabilidad Tít. de la segunda port.: Proceso y degollación de María Estuardo.
596 ## - NOTA AL PIE DE IMPRENTA
NOTA AL PIE DE IMPRENTA España moderna ejerció ca. 1890-1900.
596 #1 - NOTA AL PIE DE IMPRENTA
NOTA AL PIE DE IMPRENTA Palau, t. IX, p. 70, lo fecha en 1897.
600 14 - PUNTO DE ACCESO ADICIONAL DE MATERIA--NOMBRE DE PERSONA
Nombre de persona María
Numeración I
Títulos y otros términos asociados al nombre Reina de Escocia.
9 (RLIN) 76666
830 00 - PUNTO DE ACCESO ADICIONAL DE SERIE-TÍTULO UNIFORME
Título uniforme Biblioteca de jurisprudencia, filosofía e historia
9 (RLIN) 180691
852 ## - LOCALIZACIÓN
Ubicación ES-MaACL
Número de control de estantería F-14946
Nota libre -- Rúst.
Holdings
Estatus retirado Estado de pérdida Estado de daño No para préstamo Biblioteca de origen Biblioteca actual Ubicación en estantería Fecha de adquisición Fuente de adquisición Total de préstamos Signatura topográfica completa Código de barras Visto por última vez Precio de reemplazo Tipo de ítem Koha
        Biblioteca del Ateneo de Madrid Biblioteca del Ateneo de Madrid Sala Pecera Planta 2 17/01/2008     F-14946 1166912 23/02/2023 23/02/2023 Libro impreso